000 00330nam a2200145Ia 4500
008 230917s9999||||xx |||||||||||||| ||und||
040 _e27052
_aMAIN
041 _aEnglish
082 _a823.7 D555H
100 _aDickens, Charles
245 0 _aHard times
260 _aHolborn
_bVirtue
_c1954
300 _a288 p.
942 _cBK
999 _c189524
_d189524